|
|
|
|
| LEADER |
00000cam a2200000 4500 |
| 001 |
vtls012286113 |
| 003 |
SK-MaSNL |
| 005 |
20260301061402.0 |
| 008 |
251028s2025 xo a grnp 001 0 slo |
| 015 |
|
|
|a SNBA2026/1
|
| 020 |
|
|
|a 9788055534909
|q (brožované)
|
| 020 |
|
|
|a 9788055534886
|q (online)
|
| 040 |
|
|
|a SNK
|b slo
|c SNK
|e rda
|
| 041 |
0 |
|
|a slo
|
| 044 |
|
|
|a xo
|c SK
|
| 072 |
|
7 |
|a 514
|x Geometria
|2 konspekt
|
| 072 |
|
7 |
|a 37.016
|x Učebné osnovy. Vyučovacie predmety. Učebnice
|2 konspekt
|
| 080 |
|
|
|a 514
|2 2011
|
| 080 |
|
|
|a (075.8)
|2 2011
|
| 100 |
1 |
|
|a Mokriš, Marek,
|d 1978-
|4 aut
|4 ill
|9 368449
|
| 245 |
1 |
0 |
|a Geometria
|b teoretické východiská z vybraných kapitol geometrie
|c Marek Mokriš, Iveta Scholtzová
|
| 246 |
3 |
0 |
|a Teoretické východiská z vybraných kapitol geometrie
|
| 250 |
|
|
|a 1. vydanie
|
| 264 |
|
1 |
|a Prešov
|b Vydavateľstvo Prešovskej univerzity
|c 2025
|
| 300 |
|
|
|a 130 strán
|b ilustrácie
|c 25 cm
|
| 336 |
|
|
|a text
|b txt
|2 rdacontent
|
| 337 |
|
|
|a bez média
|b n
|2 rdamedia
|
| 338 |
|
|
|a zväzok
|b nc
|2 rdacarrier
|
| 366 |
|
|
|e 110 kusov
|
| 500 |
|
|
|a Obsahuje poznámky pod čiarou
|
| 504 |
|
|
|a Obsahuje bibliografiu, bibliografické odkazy, registre
|
| 650 |
0 |
7 |
|a geometria
|2 SNKPH
|9 829
|
| 650 |
0 |
7 |
|a Geometry
|2 SNKPHeng
|9 268290
|
| 655 |
|
7 |
|a učebnice vysokých škôl
|2 SNKPH
|9 70191
|
| 655 |
|
7 |
|a Textbooks (higher)
|2 SNKPHeng
|9 276436
|
| 700 |
1 |
|
|a Scholtzová, Iveta,
|d 1965-
|4 aut
|9 190744
|
| 700 |
1 |
|
|a Hanzel, Pavol,
|d 1949-
|4 rev
|9 107239
|
| 700 |
1 |
|
|a Brajerčík, Ján
|4 rev
|9 335242
|
| 700 |
1 |
|
|a Pokorný, Milan,
|d 1974-
|4 rev
|9 231601
|
| 700 |
1 |
|
|a Tomko, Denis
|4 bjd
|9 374320
|
| 710 |
2 |
|
|a Prešovská univerzita v Prešove.
|b Pedagogická fakulta
|4 pbl
|9 123607
|
| 852 |
|
|
|a Slovenská národná knižnica
|
| 919 |
|
|
|a 978-80-555-3490-9
|
| 954 |
|
|
|a odborná, vedecká literatúra pôvodná (slovenská)
|2 lita
|
| 958 |
|
|
|a NB
|
| 999 |
|
|
|c 617353
|d 619283
|
| 952 |
|
|
|a SNK
|b SNK
|y PREZ
|7 0
|p 17A1582303
|o snkSC 212450
|i snk2025/18371
|8 0
|0 0
|1 0
|4 0
|d 2025-11-14
|l 0
|r 2026-02-23 16:43:22
|w 2026-02-23
|
| 952 |
|
|
|a SNK
|b SNK
|y VYP
|7 0
|p 17A1582304
|o snkSC 212450 D1
|i snk2025/18373
|8 0
|0 0
|1 0
|4 0
|d 2025-11-14
|l 1
|r 2026-04-23 13:17:40
|s 2026-02-28
|w 2026-02-23
|